000 00348nam a22001457a 4500
005 20171205101412.0
008 171205b xxu||||| |||| 00| 0 eng d
041 _aeng
082 _a622.334
100 _aDAS, SAMIR KUMAR
_93366
245 _aMODERN COAL MINING TECHNOLOGY
260 _aDHANBAD
_bLOVELY PRAKASHAN
300 _a566p,
942 _cBK
999 _c5653
_d5651